000
00346 a2200169 4500
001
161289
020
_a
040
_c
Magnum
100
_a
Braido, Eunice
240
1
0
_a
O vaga-lume apaixonado
_l
por
245
1
0
_a
O vaga-lume apaixonado
300
_a
16
362
0
_a
2008
440
1
_a
FTD
697
_a
LITERATURA INFANTIL
942
_c
BK
999
_c
161289
_d
161289